| 000 | 00532nam a2200181Ia 4500 | ||
|---|---|---|---|
| 008 | 220216s9999 xx 000 0 und d | ||
| 100 | _aChowdhury M K U | ||
| 245 | 0 | _aMolecular analysis of plants regenerated from embryogenic cultures of hybrid sugarcane cultivars (Saccharum spp.) | |
| 260 |
_bTheoretical and Applied Genetics _c1993 |
||
| 300 | _a181-188 | ||
| 650 | _aGramieae | ||
| 650 | _aMolecular analysis | ||
| 650 | _aRFLP | ||
| 650 | _aSugarcane | ||
| 650 | _aTissue culture | ||
| 700 | _aVasil I K | ||
| 942 | _cJS | ||
| 999 |
_c63157 _d63157 |
||